The African genius : an introduction to African cultural and social history
Αποθηκεύτηκε σε:
| Κύριος συγγραφέας: | |
|---|---|
| Μορφή: | Βιβλίο |
| Γλώσσα: | English |
| Δημοσίευση: |
Boston :
Little Brown,
1969.
|
| Θέματα: | |
| Ετικέτες: |
Προσθήκη ετικέτας
Δεν υπάρχουν, Καταχωρήστε ετικέτα πρώτοι!
|
MARC
| LEADER | 00000cam a2200000 a 4500 | ||
|---|---|---|---|
| 001 | 1/113258 | ||
| 008 | 170308t19701969mau|a ||| |||| ||eng|| | ||
| 040 | |a GR-MyUa |b gre |c GR-MyUa |e AACR2 | ||
| 041 | 0 | |a eng | |
| 082 | 7 | |a 306.096 |2 (23) | |
| 100 | 1 | |a Davidson, Basil, |d 1914-2010. | |
| 245 | 1 | 4 | |a The African genius : |b an introduction to African cultural and social history / |c by Basil Davidson. |
| 260 | |a Boston : |b Little Brown, |c 1969. | ||
| 300 | |a 367 σ. ; |c 22 εκ. | ||
| 500 | |a "An Atlantic monthly press book". Εκδόθηκε το 1969 με τον τίτλο: The Africans: an entry to cultural history. | ||
| 504 | |a Βιβλιογραφία: σ. [345]-353. | ||
| 651 | 0 | |a Africa, Sub-Saharan |x Social life and customs. | |
| 651 | 0 | |a Africa, Sub-Saharan |x Social conditions. | |
| 651 | 0 | |a Africa, Sub-Saharan |x Civilization. | |
| 852 | |a INST |b LESVOS |e 20170308 |h 306.096 DAV |p 005100058834 |q 005100058834 |t BK |y 0 | ||
| 970 | |a Τζαφέρη |b Ευαγγελία |z 08-03-2017 | ||